• 首页
  • 本馆介绍
  • 公告通知
  • 最新文献
  • 馆藏检索
  • 电子资源
  • 读者导购
  • 参考咨询
  • 我的图书馆
  • 登录
  • 详细信息显示
  • 放入我的书架
  • 预约/预借图书
  • 作者相关作品
  • 分类相关作品
  • 丛书相关作品
  • 出版社相关作品

书目信息

  • 表格格式
  • 工作单格式
  • 卡片格式
题名:
数字万用表的制作与使用
    
 
作者: 石桥浩司 , 佐藤一郎 著 ;马守礼 , 吴立龙 译
分册:  
出版信息: 北京   中国铁道出版社  1985
页数: 203页
开本: 20cm
丛书名:
单 册:
中图分类: TM938.1
科图分类:
主题词: 复用电表 , 电工仪表--综合式测量仪器 , 电工仪表--比较式测量仪器 , 电工仪表--记录式测量仪器 , 电工仪表--模拟式测量仪器
电子资源:
ISBN:
000 00983nam0 2200325 45 970
001 0662421167
005 20060728083501.92
010    @dCNY1.45
091    @a15043.4180
100    @a19961010d1985 em y0chiy0121 ea
101 1  @achi@cjpn
102    @aCN@b110000
105    @af z 000yy
106    @ar
200 10 @a数字万用表的制作与使用@Ashu zi wan yong biao de zhi zuo yu shi yong@f(日)石桥浩司, (日)佐藤一郎著@g马守礼, 吴立龙译
210    @a北京@c中国铁道出版社@d1985
215    @a203页@c图@d20cm
300    @a根据1979年日文版译出
606    @a复用电表
606 0  @a电工仪表@x综合式测量仪器
606 0  @a电工仪表@x比较式测量仪器
606 0  @a电工仪表@x记录式测量仪器
606 0  @a电工仪表@x模拟式测量仪器
690    @aTM938.1@v3
701  0 @a石桥浩司@Ashi qiao hao si@4著
701  0 @a佐藤一郎@Azuo teng yi lang@4著
702  0 @a马守礼@Ama shou li@4译
702  0 @a吴立龙@Awu li long@4译
801 0  @c20060728
905    @a10447@dTM938.1@e75
    
    数字万用表的制作与使用/(日)石桥浩司, (日)佐藤一郎著/马守礼, 吴立龙译 .-北京:中国铁道出版社,1985
    203页:图;20cm
    根据1979年日文版译出
    
    ISBN :CNY1.45
    
●
相关链接 在E读中查询图书 在五车中查询图书 在当当中查询图书 在豆瓣中查询图书


正题名:数字万用表的制作与使用     索取号:TM938.1/75         预约/预借

序号 登录号 条形码 馆藏地/架位号 状态 备注
1 0438883   204388830   密集书库/ [索取号:TM938.1/75] 在馆    
唐山师范学院图书馆 欢迎您!
大连网信软件有限公司© 版权所有